000 00935nas a2200313 4500
001 BR0603336
003 BR-BrBNA
005 20231205110209.0
007 ta
008 230509b bl.|||p| |||| 00| 00por d
040 _aBR-BrBNA
_bpor
_cBiblioteca Nacional de Agricultura
041 _a(Pt)
072 _aQ03; E80
100 1 _aCelso, P.
100 1 _aLópez, D.T.M.
100 1 _aGarcía, F.M.Del C.
100 1 _aBello, F.L.C.
100 1 _aTelles, E.A.
245 1 _aPresença de Listeria sp. em queijos artesanais tipo colonial no Rio Grande do Sul
650 _aQUEIJO
650 _aLISTERIOSE
650 _aCONTAMINAÇÃO BACTERIANA
650 _aTEMPERATURA
650 _aMICROBIOLOGIA DE ALIMENTO
650 _aRIO GRANDE DO SUL
773 0 _tVeterinária em Foco (Brazil)
_xISSN 1679-5237
_g(May-Oct 2004), v. 2(1) p. 5-14
_wBR0603336
909 _a202311
_bLúcia
_c55
_dLúcia Elande
942 _2AGRIS
_n0
_cANA
999 _c186482
_d186482